शापित राजकन्या. (Record no. 545006)

MARC details
000 -LEADER
fixed length control field 00400nam a2200133Ia 4500
008 - FIXED-LENGTH DATA ELEMENTS--GENERAL INFORMATION
fixed length control field 100328s9999 xx 000 0 und d
082 ## - DEWEY DECIMAL CLASSIFICATION NUMBER
Item number 58698
100 ## - MAIN ENTRY--PERSONAL NAME
Personal name वर्तक उषा.
245 ## - TITLE STATEMENT
Title शापित राजकन्या.
260 ## - PUBLICATION, DISTRIBUTION, ETC. (IMPRINT)
Name of publisher, distributor, etc शकुन.
630 ## - SUBJECT ADDED ENTRY--UNIFORM TITLE
Uniform title शापित राजकन्या.
730 ## - ADDED ENTRY--UNIFORM TITLE
Uniform title शापित राजकन्या.
942 ## - ADDED ENTRY ELEMENTS (KOHA)
Koha item type Book
Holdings
Withdrawn status Lost status Damaged status Not for loan Home library Current library Date acquired Total Checkouts Barcode Date last seen Price effective from Koha item type
        Rantagiri (Dist.) Nagar Vachanalaya Rantagiri (Dist.) Nagar Vachanalaya 03/28/2010   RNV-58698 03/28/2010 03/28/2010 Book